000 00693cem a22002175a 4500
001 L140357
008 070919r19191746xxk a 0 feng u
035 _a(Sirsi) u140357
041 0 _aeng
110 2 _aLondon Topographical Society
_9106
245 0 0 _aRocque's map of London, 1746
_h[cartographic material]
250 _aFacsim.
255 _aScale not given
260 _aLondon
_bLondon Topographical Society
_c1919
300 _a1 map on 40 sheets
_c34 x 49 cm.
500 _aFacsimile of Rocque's original map.
651 4 _aLondon
690 _aENVIRONMENTAL AND LAND CONSULTANCY-GEOMATICS-MAPPING AND POSITIONING-CARTOGRAPHY
700 1 _aRocque, John
_dd. 1762
942 _n0
999 _c116848
_d116848